Statistics for Extreme Geography (Difficult)

Click here to take the quiz!

General Stats

  • This quiz has been taken 247 times
    (230 since last reset)
  • The average score is 5 of 15

Answer Stats

ClueAnswer% Correct
largest freshwater lake by volumeBaikal
84%
highest navigable lakeTiticaca
73%
most populated river basinGanges
66%
highest capital city in EuropeAndorra La Vella
49%
capital with longest one word nameAntananarivo/Yamoussoukro
36%
windiest capital cityWellington
31%
northenmost city with population over quarter millionMurmansk
29%
island with highest mountainNew Guinea
27%
world capital at lowest elevationBaku
24%
capital with smallest populationNgerulmud
23%
most isolated city with population over 500 thousandHonolulu
15%
largest city built on permafrostYakutsk
14%
southernmost city with population over 100 thousandPunta Arenas
9%
largest city not accessible by roadIquitos
8%
rainiest capital cityMonrovia
2%

Score Distribution

Percentile by Number Answered

Percent of People with Each Score

Your Score History

You have not taken this quiz since the last reset